000 00488pam a2200157a 44500
008 230515b2007 xxu||||| |||| 00| 0 eng d
020 _aNULL
041 _aENGLISH
082 _aNULL
100 _aINDIAN GREEN BUILDING COUNCIL
245 _aGREEN BUILDING CONGRESS 2006 INTERNATIONAL CONFERENCE ON GREEN BUILDINGS 13&14 OCTOBER 2006 BANGLORE BOOK OF PRESENTATIONS
250 _aNULL
260 _aBONGALORE
_bCONFEDERATION OF INDIA INDUSTRA
_c2007
300 _a302
650 _aNULL
999 _c478736
_d478736